Efootball 2024 Top 50 Players - Statistics

General Stats
  • This quiz has been taken 65 times
  • The average score is 35 of 50
Answer Stats
NO Hint Club OVR Answer % Correct
7 RWF Miami 83 Messi
98%
6 CF Manchester City 84 Haaland
96%
17 CF Al Nassr 82 Ronaldo
92%
2 CF Bayern Munchen 84 Kane
90%
4 CF Paris Saint-Germain 84 Mbappe
90%
5 DMF Manchester City 84 Rodri
90%
3 RWF Liverpool 84 Salah
90%
11 LWF Tottenham Hotspur 83 Son
90%
9 GK Bayern Munchen 83 Neuer
88%
13 CB Liverpool 83 Van Dijk
88%
1 AMF Manchester City 85 De Bruyne
84%
12 GK Real Madrid 83 Courtois
82%
15 LWF Real Madrid 83 Vinicius
82%
22 GK Liverpool 82 Alisson
80%
10 SS Atletico Madrid 83 Griezmann
80%
18 CF Barcelona 82 Lewandowski
78%
26 CF Inter 82 Martinez
78%
28 DMF Arsenal 82 Rice
78%
21 GK Barcelona 82 Ter Stegen
78%
16 AMF Real Madrid 83 Bellingham
76%
19 GK Atletico Madrid 82 Oblak
76%
25 CB Real Madrid 82 Rudiger
76%
8 CF Al Ittihad 83 Benzema
74%
34 CMF Real Madrid 81 Modric
72%
20 CB Paris Saint-Germain 82 Marquinhos
70%
31 CB Arsenal 82 Saliba
68%
14 CB Manchester City 83 Dias
66%
29 CMF Bayern Munchen 82 Kimmich
66%
23 CMF Arsenal 82 Odegaard
66%
33 RWF Arsenal 82 Saka
66%
27 CMF Barcelona 82 De Jong
64%
42 GK Manchester City 81 Ederson
64%
37 CMF Real Madrid 81 Kroos
64%
43 SS Roma 81 Dybala
62%
49 RWF Bayern Munchen 81 Sane
62%
35 GK Inter 81 Sommer
62%
38 CB Real Madrid 81 Alaba
60%
32 CF Napoli 82 Osimhen
60%
46 GK Milan 81 Maignan
58%
50 CF Arsenal 81 Jesus
56%
24 AMF Manchester City 82 Silva
56%
30 CMF Real Madrid 82 Valverde
56%
36 CB Borussia Dortmund 81 Hummels
52%
47 AMF Manchester United 81 Fernandes
50%
44 CB Manchester City 81 Stones
46%
40 AMF Borussia Dortmund 81 Reus
40%
48 CMF Inter 81 Calhanoglu
36%
41 CMF Barcelona 81 Gundogan
36%
39 CF Atletico Madrid 81 Morata
36%
45 CMF Atletico Madrid 81 De Paul
32%
No matching quizzes found
Score Distribution
Percent of People with Each Score
Percentile by Number Answered
Your Score History
You have not taken this quiz